00343nam a2200145Ia 4500008004100000041000800041082002500049100003300074245002300107250000900130260001800139300000900157542001500166650001600181220531s9999 xx 000 0 und d aeng a657.832 7bHEI / PAR aHeintz, J. A. / Parry, R. W. aCollege Accounting a18th bThomsonc2005 a1134 d15-10-2008 aAccountancy